000 00613nam a22001817i 4500
999 _c23166
_d23166
003 AR-CdUCM
008 250117b20192019 pe||||| |||| 00| 0 spa d
040 _aMUNICIPALIDAD PROVINCIAL DEL CUSCO
_cBIBLIOTECA MUNICIPAL DEL CUSCO
041 _hspa
082 _a869.56 / R63S
_bR63S
100 _aRíos Zamalloa, Jorge
_92949
245 _aSíndrome /
260 _aCusco :
_c2019
300 _a118 páginas. :
_c20x14 cm.
505 _aDestrucción de lo inexorables -- !Salud amigos! -- El precisar del futuro -- Me llegó el solo -- Las juanachas -- Hembra
942 _2ddc
_cLIBROS
945 _apbjr
_d17-01-2025